000 00338nam a2200133Ia 4500
008 190723s9999 xx 000 0 und d
020 _a978-0-4156-0769-8
100 _aAlan Longstaff
245 0 _aNeuroscience (BIOS INSTANT NOTES)
250 _a3rd
260 _aNew York
_bGS Garland Science
_c2011
300 _a379.:P
942 _cBK
999 _c1411
_d1411